|
|
|
|
| LEADER |
00000nam0a2200000 4500 |
| 001 |
31633 |
| 005 |
20231101210042.0 |
| 035 |
|
|
|a (RuTPU)RU\TPU\book\31923
|
| 035 |
|
|
|a BOOK00000002
|
| 090 |
|
|
|a 31633
|
| 100 |
|
|
|a 20011210d1992 k y0rusy50 ca
|
| 101 |
0 |
|
|a rus
|
| 102 |
|
|
|a RU
|
| 105 |
|
|
|a y z 001zy
|
| 200 |
1 |
|
|a Асфальтосмолистые олигомеры. Применение и физико-химические свойства
|f М. Ю. Доломатова, С. В. Пестриков, Э. А. Юсупов, С. А. Александрова
|
| 210 |
|
|
|a Москва
|c ЦНИИТЭнефтехим
|d 1992
|
| 215 |
|
|
|a 72 с.
|
| 320 |
|
|
|a Библиогр.: с. 67-71.
|
| 606 |
|
|
|a Пластмассы
|2 stltpush
|3 (RuTPU)RU\TPU\subj\49097
|9 67908
|
| 610 |
1 |
|
|a олигомеры
|
| 610 |
1 |
|
|a свойства
|
| 610 |
1 |
|
|a применение
|
| 610 |
1 |
|
|a химические продукты
|
| 675 |
|
|
|a 678.5
|v 3
|
| 701 |
|
1 |
|a Доломатов
|b М. Ю.
|
| 701 |
|
1 |
|a Пестриков
|b С. В.
|
| 701 |
|
1 |
|a Юсупов
|b Э. А.
|
| 701 |
|
1 |
|a Александрова
|b С. А.
|
| 801 |
|
0 |
|a RU
|b 63413507
|c 20011210
|g PSBO
|
| 801 |
|
2 |
|a RU
|b 63413507
|c 20180213
|g PSBO
|
| 942 |
|
|
|c BK
|